Bộ luật Dân sự & Bộ luật Tố tụng dân sự của nước CHXHCN Việt Nam
Đã lưu trong:
| Formáid: | Leabhar |
|---|---|
| Teanga: | Undetermined |
| Foilsithe: |
Hà Nội
Lao động - Xã hội
2006
|
| Ábhair: | |
| Clibeanna: |
Cuir Clib Leis
Gan Chlibeanna, Bí ar an gcéad duine leis an taifead seo a chlibeáil!
|
| Thư viện lưu trữ: | Trung tâm Học liệu Trường Đại học Cần Thơ |
|---|
| LEADER | 00571nam a2200181Ia 4500 | ||
|---|---|---|---|
| 001 | CTU_104886 | ||
| 008 | 210402s9999 xx 000 0 und d | ||
| 020 | |c 55000 | ||
| 082 | |a 346.597 | ||
| 082 | |b B450 | ||
| 245 | 0 | |a Bộ luật Dân sự & Bộ luật Tố tụng dân sự của nước CHXHCN Việt Nam | |
| 260 | |a Hà Nội | ||
| 260 | |b Lao động - Xã hội | ||
| 260 | |c 2006 | ||
| 650 | |a Private law,Civil procedure | ||
| 650 | |z Vietnam,Vietnam | ||
| 904 | |i Minh | ||
| 980 | |a Trung tâm Học liệu Trường Đại học Cần Thơ | ||